After slavery (Record no. 36402)
[ view plain ]
| 000 -LEADER | |
|---|---|
| fixed length control field | 01591nam a2200385Ia 4500 |
| 082 04 - DEWEY DECIMAL CLASSIFICATION NUMBER | |
| Classification number | 306.3/620973 |
| 245 00 - TITLE STATEMENT | |
| Title | After slavery |
| 260 ## - PUBLICATION, DISTRIBUTION, ETC. (IMPRINT) | |
| Place of publication | Gainesville : |
| Name of publisher | University Press of Florida, |
| Year of publication | c2013. |
| 300 ## - PHYSICAL DESCRIPTION | |
| Number of Pages | viii, 266 p. |
| 650 #0 - SUBJECT ADDED ENTRY--TOPICAL TERM | |
| Topical Term | Slaves |
| Topical Term | Reconstruction (U.S. history, 1865-1877) |
| Topical Term | Slavery |
| Topical Term | African Americans |
| Topical Term | African Americans |
| 700 1# - ADDED ENTRY--PERSONAL NAME | |
| Personal name | Baker, Bruce E., |
| Personal name | Kelly, Brian, |
| 856 40 - ELECTRONIC LOCATION AND ACCESS | |
| Uniform Resource Identifier | http://site.ebrary.com/lib/rucke/Doc?id=10738893 |
No items available.
